000 00948nam1a22002531 4500
001 rc\2925572
005 20110816153018.1
035 _a(NLR Aleph) 007075412
090 _a6422656
_c6422656
100 _a20110816d1937 |||y0rusy50 ca
101 0 _arus
102 _aRU
105 _ay z |||||
200 1 _aСборник алгебраических задач для ... неполной средней и средней школы
_eЧ. 1-
_fН.А. Шапошников и Н.К. Вальцов
205 _a6-е изд.
210 _aМосква
_cУчпедгиз
_d1937
215 _d20 см
700 1 _aШапошников
_bН. А.
_cматематик
_f1851-1920
_gНиколай Александрович
_3RU\NLR\AUTH\770278604
701 1 _aВальцов
_bН. К.
_gНиколай Константинович
801 0 _aRU
_bNLR
_gpsbo
801 1 _aRU
_bELAR
_2rusmarc
852 _aNLR
_j37-17/195
942 _cBOOK
980 _aNB